| 000 | 00754nam a22002297a 4500 | ||
|---|---|---|---|
| 003 | 0 | ||
| 005 | 20250829085712.0 | ||
| 008 | 250829b xxu||||| |||| 00| 0 eng d | ||
| 020 | _a978-93-5751-917-5 | ||
| 050 |
_aPN 4784.T34 _b.V47 2025 |
||
| 100 |
_aVerma, Ravi, _eauthor. |
||
| 245 |
_aComputer applications for journalism management / _cRavi Verma. |
||
| 250 | _aFirst edition. | ||
| 260 |
_aNew Delhi, India : _bRandom Publications LLP, _c2025. |
||
| 300 |
_aix, 272 pages ; _c24 cm. |
||
| 504 | _aIncludes bibliographical references and index. | ||
| 650 |
_aJournalism _xData processing. |
||
| 650 |
_aJournalism _xTechnological innovations. |
||
| 650 |
_aJournalism _xManagement. |
||
| 650 |
_aMass media _xData processing. |
||
| 942 |
_2lcc _cBK |
||
| 999 |
_c367671 _d367671 |
||